|
|
|
|
| LEADER |
00000cam a2200000 a 4500 |
| 001 |
4411-2 |
| 005 |
20230308172908.0 |
| 008 |
000000|1924 ||||||||r|||||||||||spa|| |
| 040 |
|
|
|b spa
|
| 041 |
1 |
|
|a spa
|
| 082 |
0 |
|
|a 986.6
|
| 100 |
1 |
|
|a Pérez y Soto, Juan B.
|d 1854-1926
|9 10655
|
| 245 |
|
|
|a El Crimen de Berruecos. Asesinato de Antonio José de Sucre, Gran Mariscal de Ayacucho. Análisis histórico-jurídico
|c Juan B. Pérez y Soto
|h imp
|n tomo 2
|
| 264 |
|
|
|a Escuela Tipáginas: Salesiana
|b Roma
|c 1924
|
| 300 |
|
|
|a 394 páginas:
|b ilu
|c 25 cm
|
| 504 |
|
|
|a incl. ref.
|
| 505 |
|
|
|a Contiene: La trama infernal
|
| 650 |
1 |
|
|a Sucre antonio jose de
|9 5906
|
| 852 |
|
|
|a UC-CDJBV
|c ESTANTERIA CERRADA
|f Compra
|k margarita.gutierrez
|l 1
|m Limitada
|p 00000000
|t 4411-2
|b 1
|d CDRC
|e CDRC
|g 986.6 ESTANTERIA CERRADA
|z 0000-00-00
|
| 942 |
|
|
|c BK
|
| 999 |
|
|
|c 41421
|d 41421
|